use of 4 different fungicides and biological fungicide tricoderma to control rice blast on sen pidoa ការប្រើប្រាស់ជីគីកម្ចាត់ជំងឺផ្សិត ៤ ប្រភេទនិង ថ្នាំជីសាស្រ្ត ទ្រីកូឌឺម៉ាក្នងការគ្រប់គ្រងជំងឺខ្មារអំបោះត្នោតលើពូជស្រូវសែនពិរដោរ (Record no. 17918)

000 -LEADER
fixed length control field 00858nam a22001337a 4500
040 ## - CATALOGING SOURCE
Transcribing agency RUA
082 ## - DEWEY DECIMAL CLASSIFICATION NUMBER
Classification number AGR LY 2017 B630 Or.1
100 ## - MAIN ENTRY--AUTHOR NAME
Personal name LY CHHOUNG MOV លី ឈួន​ ម៉ូវ
245 ## - TITLE STATEMENT
Title use of 4 different fungicides and biological fungicide tricoderma to control rice blast on sen pidoa ការប្រើប្រាស់ជីគីកម្ចាត់ជំងឺផ្សិត ៤ ប្រភេទនិង ថ្នាំជីសាស្រ្ត ទ្រីកូឌឺម៉ាក្នងការគ្រប់គ្រងជំងឺខ្មារអំបោះត្នោតលើពូជស្រូវសែនពិរដោរ
260 ## - PUBLICATION, DISTRIBUTION, ETC. (IMPRINT)
Place of publication phnom Penh
Name of publisher RUA
Year of publication 2017
300 ## - PHYSICAL DESCRIPTION
Number of Pages xi;51p
Other physical details ill;
Dimensions 29cm
856 ## - ELECTRONIC LOCATION AND ACCESS
Uniform Resource Identifier https://drive.google.com/file/d/1G1OkjII7uHlEwntuR15f71_d8tCTUrZv/view?usp=sharing
942 ## - ADDED ENTRY ELEMENTS (KOHA)
Koha item type AGR
952 ## - LOCATION AND ITEM INFORMATION (KOHA)
Withdrawn status [LOCAL, KOHA] 0
952 ## - LOCATION AND ITEM INFORMATION (KOHA)
Withdrawn status [LOCAL, KOHA] 0
952 ## - LOCATION AND ITEM INFORMATION (KOHA)
Withdrawn status [LOCAL, KOHA] 0
952 ## - LOCATION AND ITEM INFORMATION (KOHA)
Withdrawn status [LOCAL, KOHA] 0
952 ## - LOCATION AND ITEM INFORMATION (KOHA)
Withdrawn status [LOCAL, KOHA] 0
Holdings
Permanent Location Date acquired Koha item type Lost status Shelving location Barcode Current Location Full call number
Library Block B2019-06-21AGR B633A43516Library Block BAGR LY 2017 B630 Or.1
Library Block B2019-06-21AGR B633A42507Library Block BAGR LY 2017 B630 Or.2
Library Block B2019-06-21AGR B633A42432Library Block BAGR LY 2017 B630 Or.3
Library Block B2019-06-21AGR B633A42192Library Block BAGR LY 2017 B630 Or.4
Library Block B2019-06-21AGR B633A42267Library Block BAGR LY 2017 B630 Or.5
មជ្ឈមណ្ឌលឯការនៃសាកលវិទ្យាល័យភូមិន្ទកសិកម្មចំការដូង

Powered by Koha